[Event "Le Touquet op 22nd B"]
[Site "Le Touquet"]
[Date "2007.10.29"]
[Round "4.4"]
[White "Gjerning Pederen, Frank"]
[Black "Gaillard, Bruno"]
[Result "0-1"]
[WhiteElo "1566"]
[BlackElo "1894"]
[PlyCount "96"]
[EventDate "2007.10.27"]
[EventType "swiss"]
[EventRounds "9"]
[EventCountry "FRA"]
[SourceTitle "EXT 2024"]
[Source "ChessBase"]
[SourceDate "2023.10.10"]
[SourceVersion "1"]
[SourceVersionDate "2023.10.10"]
[SourceQuality "1"]

1. e4 c5 2. Nf3 e6 3. d4 cxd4 4. Nxd4 Nf6 5. Bd3 d5 6. Nd2 Nc6 7. Nxc6 bxc6 8. exd5 exd5 9. h3 Be6 10. Nf3 Be7 11. 0-0 0-0 12. Bf4 c5 13. c3 Qc8 14. Ng5 h6 15. Nxe6 Qxe6 16. Re1 Qd7 17. Qf3 c4 18. Bf1 Rfe8 19. Rad1 Qa4 20. a3 Rad8 21. Be2 Ne4 22. Be3 Qb3 23. Rb1 Bc5 24. Bd1 Qb6 25. Bc2 Bxe3 26. Qxe3 Rb8 27. Qxb6 Rxb6 28. Bxe4 dxe4 29. Re2 f5 30. Rc1 Rd6 31. g3 Rd3 32. Rce1 Red8 33. Kf1 Kf7 34. h4 Kf6 35. Kg1 Rd1 36. Kf1 g5 37. Rxd1 Rxd1+ 38. Kg2 Rd3 39. Kh3 Ke5 40. hxg5 hxg5 41. Kg2 f4 42. gxf4+ gxf4 43. Rc2 e3 44. fxe3 Rxe3 45. Kf2 Ke4 46. Rd2 Rf3+ 47. Ke2 Rd3 48. Rc2 Rh3 0-1